Jesús y los problemas de su historicidad
Saved in:
| Hovedforfatter: | |
|---|---|
| Format: | Bog |
| Sprog: | spansk |
| Udgivet: |
Barcelona
Herder
1978
|
| Udgivelse: | 3a. ed |
| Fag: | |
| Tags: |
Tilføj Tag
Ingen Tags, Vær først til at tagge denne postø!
|
MARC
| LEADER | 00000nam a2200000 a 4500 | ||
|---|---|---|---|
| 001 | UCL1802 | ||
| 003 | CL-VaPUC | ||
| 008 | 030926e19780000SP |||||||||||||||||spa|d | ||
| 020 | |a 8425404835 | ||
| 082 | 0 | 4 | |a 232.908 |b TRI |2 21 |
| 100 | 0 | |a Trilling, Wolfgang |e author |9 478634 | |
| 245 | 1 | 0 | |a Jesús y los problemas de su historicidad |
| 250 | |a 3a. ed | ||
| 300 | |a 222 p | ||
| 942 | |c BK | ||
| 945 | |d 20030926 00:00:00 |a vberengu | ||
| 260 | |a Barcelona |b Herder |c 1978 | ||
| 600 | 0 | |a Jesús |9 313614 | |
| 650 | 0 | |a Vida de Jesús |9 478097 | |
| 583 | |a last modification |c 20030926 00:00:00 |k Rodrigo Vera | ||
| 999 | |c 305242 |d 305240 | ||
| 952 | |0 0 |1 0 |4 0 |6 232_908000000000000_TRI_1978 |7 0 |8 A |9 368366 |a BIBTEO |b BIBTEO |d 2019-11-21 |i 2078759 |o 232.908 TRI 1978 |p 2078759 |r 2025-01-17 |w 2019-11-21 |y BK |k ICR | ||